<?xml version="1.0" encoding="UTF-8"?>
<marc:record xmlns:marc="http://www.loc.gov/MARC21/slim">
   <marc:leader>00000nam a2200000 a 4500</marc:leader>
   <marc:datafield ind1="1" ind2=" " tag="100">
      <marc:subfield code="a">Nelson, Arnold G.</marc:subfield>
      <marc:subfield code="4">aut</marc:subfield>
      <marc:subfield code="e">Verfasser/-in</marc:subfield>
   </marc:datafield>
   <marc:datafield ind1="1" ind2=" " tag="100">
      <marc:subfield code="a">Kokkonen, Jouko</marc:subfield>
      <marc:subfield code="4">aut</marc:subfield>
      <marc:subfield code="e">Verfasser/-in</marc:subfield>
   </marc:datafield>
   <marc:datafield ind1="1" ind2=" " tag="100">
      <marc:subfield code="a">Nelson, Arnold G.</marc:subfield>
   </marc:datafield>
   <marc:datafield ind1=" " ind2=" " tag="653">
      <marc:subfield code="a">Muskulatur</marc:subfield>
   </marc:datafield>
   <marc:datafield ind1=" " ind2=" " tag="653">
      <marc:subfield code="a">Dehnübung</marc:subfield>
   </marc:datafield>
   <marc:datafield ind1=" " ind2=" " tag="653">
      <marc:subfield code="a">Aerobic</marc:subfield>
   </marc:datafield>
   <marc:datafield ind1=" " ind2=" " tag="653">
      <marc:subfield code="a">Bodybuilding</marc:subfield>
   </marc:datafield>
   <marc:datafield ind1=" " ind2=" " tag="653">
      <marc:subfield code="a">Gymnastik</marc:subfield>
   </marc:datafield>
   <marc:datafield ind1=" " ind2=" " tag="653">
      <marc:subfield code="a">Atlas</marc:subfield>
   </marc:datafield>
   <marc:datafield ind1=" " ind2=" " tag="653">
      <marc:subfield code="a">Übungssammlung</marc:subfield>
   </marc:datafield>
   <marc:datafield ind1="0" ind2="0" tag="245">
      <marc:subfield code="a">Stretching Anatomie</marc:subfield>
   </marc:datafield>
   <marc:datafield ind1="0" ind2="0" tag="245">
      <marc:subfield code="b">der vollständig illustrierte Ratgeber für die anatomisch richtige Muskeldehnung und -kräftigung</marc:subfield>
   </marc:datafield>
   <marc:datafield ind1="0" ind2="0" tag="245">
      <marc:subfield code="c">Arnold G. Nelson ; Jouko Kokkonen. Ill. von Jason M. McAlexander. [Übers. aus dem Engl. : Heike Brühl</marc:subfield>
   </marc:datafield>
   <marc:datafield ind1=" " ind2="1" tag="264">
      <marc:subfield code="a">München</marc:subfield>
      <marc:subfield code="b">Copress Sport</marc:subfield>
      <marc:subfield code="c">2008</marc:subfield>
   </marc:datafield>
   <marc:datafield ind1="1" ind2=" " tag="520">
      <marc:subfield code="a">Angaben aus der Verlagsmeldung

Stretching Anatomie : Der vollständig illustrierte Ratgeber für die anatomisch richtige Muskeldehnung und -kräftigung / von Arnold G Nelson, Jouko Kokkonen

Richtiges Stretching erhöht die Beweglichkeit, verkürzt die Erholungszeit nach sportlicher Aktivität und kann vor Verletzungen schützten. Stretching Anatomie bietet erstmals einem detaillierten »Ein«-Blick in die Vorgänge des Stretching und liefert exakte anatomische Informationen über die beim Stretchen beteiligten Muskeln. Zu jeder Übung gibt das Buch genaue Anweisung wie und wann das Stretching erfolgen soll, welche Muskeln dabei im Vordergund stehen und welche Muskelgruppen darüber hinaus angesprochen werden. Alle wesentlichen Muskelgruppen werden berücksichtigt. Übungen zum Aufwärmen, zur Leistungssteigerung, zur Muskelentspannung und zur Rehabilitätion nach Verletzungen ergänzen diesen informativen Band. Das Buch wendet sich an Leistungs- und Fitness-Sportler und ist gleichzeitig auch eine ideale Refenzenz für Trainer.
</marc:subfield>
   </marc:datafield>
   <marc:datafield ind1=" " ind2=" " tag="020">
      <marc:subfield code="a">9783767910027</marc:subfield>
      <marc:subfield code="9">9783767910027</marc:subfield>
   </marc:datafield>
   <marc:datafield ind1=" " ind2=" " tag="020">
      <marc:subfield code="a">3767910020</marc:subfield>
      <marc:subfield code="9">3767910020</marc:subfield>
   </marc:datafield>
   <marc:datafield ind1=" " ind2=" " tag="041">
      <marc:subfield code="a">ger</marc:subfield>
   </marc:datafield>
   <marc:datafield ind1=" " ind2=" " tag="300">
      <marc:subfield code="a">147 S.</marc:subfield>
   </marc:datafield>
</marc:record>
